01313nam a22003617a 4500003000400000005001700004008004100021020001400062040002200076082001500098110003300113245004000146260005200186300001800238366000800256490002400264505002100288505003700309505001900346505009900365505002300464505004200487505001500529650004100544650005000585650004300635650004800678650004300726650004400769650004800813650004700861650004300908OSt20230413155429.0221006b |||||||| |||| 00| 0 eng d a1292 3745 cBiblioteca Lado V a700bA849a aAssociation Athemeedirector aArtheme/bArt contemporain caraibe/ bConseil general de la Guadeloupec2001aFrancia c21x30cma58p. espa v2001a08x1292 3745 tCarnet de voyage tBest-SelleraMichele-Baj Strobel tDossier desing tLa plus belle expoaMonchoachi M. Titine & M. Mirabel Ernest Breleur Alonzo Cecile Celma  tInterviewaArtheme tL'Ecriture du regardaFabrice Etifier tAbonnement 2Tesauro de Arte & ArquitecturaaARTE 2Tesauro de Arte & ArquitecturaaEXPOSICIONES  2Tesauro de Arte & ArquitecturaaBIENAL 2Tesauro de Arte & ArquitecturaaAPRECIACION 2Tesauro de Arte & ArquitecturaaTEORIA 2Tesauro de Arte & ArquitecturaaCRITICA 2Tesauro de Arte & ArquitecturaaFOTOGRAFIA  2Tesauro de Arte & ArquitecturaaLITERATURA 2Tesauro de Arte & ArquitecturaaCUBANO